Fucking Amal /

Enregistré dans:
Détails bibliographiques
Autres auteurs: BRANTAS, Ulm, Moodysson, Lukas, Dahlstrom, Alexandra, Liljeberg, Rebecca
Format: Diapositive
Langue:italien
Publié: [Gran Bretagna! : Keyfilms, c1999
Tags: Ajouter un tag
Pas de tags, Soyez le premier à ajouter un tag!

MARC

LEADER 00000ngm a22000007i 4500
001 IT\ICCU\UBO\1278518
003 ItRI
005 20260124182857.0
008 010507s1999 xxk|||||||||||||||k|||||c
028 4 2 |a 406455 
040 |b ita 
041 7 |a ita  |2 ISO-639-2 
130 0 |a Fucking Amal <film ; 1998>  |3 IT\ICCU\CAG\0913548 
245 0 0 |a Fucking Amal /  |c regia: Lukas Moodysson. 
260 |a [Gran Bretagna! :  |b Keyfilms,  |c c1999 
300 |a 1 videocassetta (VHS) (85 min.) :  |b color., son 
500 |a Interpreti: Alexandra Dahlstrom ; Rebecca Liljeberg 
500 |a Sceneggiatura Lukas Moodysson 
500 |a Fotografia Ulf Brantas 
500 |a Prodotto da Lars Jonsson 
500 |a Ripr. del film del 1999, prod. Svezia, Danimarca 
500 |a Descrizione basata sul contenitore 
500 |a Doppiato in italiano. 
500 |a fotografo cinematografico  |0 IT\ICCU\LO1V\297817 
700 1 |a BRANTAS, Ulm  |0 IT\ICCU\LO1V\297817 
700 1 |a Moodysson, Lukas  |0 IT\ICCU\UBOV\495504 
700 1 |a Dahlstrom, Alexandra  |0 IT\ICCU\UBOV\495506 
700 1 |a Liljeberg, Rebecca  |0 IT\ICCU\UBOV\495507 
942 |2 ddc  |c VM  |n 0 
952 |0 0  |1 0  |4 0  |6 VO_626_000000000000000  |7 0  |9 27419  |a BO  |b BO  |d 2026-01-24  |i 7206  |l 0  |o VO 626  |p BO7206  |r 2026-01-24 18:28:57  |w 2026-01-24  |x [Sebina 5] [1 videocassetta]  |y VM  |z 1 videocassetta 
999 |c 23221  |d 23221